[Event "PRO League Group Stage"]
[Site "chess.com INT"]
[Date "2019.01.29"]
[Round "4"]
[White "Bachmann, Axel"]
[Black "Henriquez Villagra, Cristobal"]
[Result "0-1"]
[WhiteTitle "GM"]
[BlackTitle "GM"]
[WhiteElo "2631"]
[BlackElo "2504"]
[WhiteTeam "Miami Champions"]
[BlackTeam "Minnesota Blizzard"]
[WhiteFideId "3700488"]
[BlackFideId "3409350"]
[EventDate "2019.01.08"]

1. d4 Nf6 2. c4 e6 3. Nf3 d5 4. g3 dxc4 5. Bg2 a6 6. O-O Nc6 7. e3 Bd6 8. Qe2
O-O 9. Nbd2 e5 10. dxe5 Nxe5 11. Nxe5 Bxe5 12. Nxc4 Qe7 13. Qc2 Re8 14. Bd2 Nd7
15. Rfd1 Bf6 16. Rac1 Nf8 17. h3 Rb8 18. e4 Bd4 19. Be3 Bxe3 20. Nxe3 c6 21. Nc4
Ng6 22. f4 h5 23. Qf2 Be6 24. Nd6 Red8 25. e5 Bxa2 26. Be4 Nxe5 27. fxe5 Qxe5
28. Qf4 Qxf4 29. gxf4 Rd7 30. Bf5 Re7 31. Re1 Kf8 32. Rxe7 Kxe7 33. Nc8+ Kf6 34.
Bd7 Be6 35. Nb6 Rd8 36. Bxe6 Kxe6 37. Re1+ Kf6 38. Na4 Rd5 39. Kf2 Rb5 40. Re4
g6 41. Rc4 Rb3 42. h4 b5 43. Rxc6+ Kf5 44. Nc5 Rxb2+ 45. Ke3 Rc2 46. Rc7 Kg4 47.
Nxa6 Rxc7 48. Nxc7 b4 49. Nd5 b3 50. Kd3 Kxh4 51. Kc3 Kg3 52. Kxb3 h4 53. Kc3 h3 0-1

[Event "PRO League Group Stage"]
[Site "chess.com INT"]
[Date "2019.01.29"]
[Round "4"]
[White "Corrales Jimenez, Fidel"]
[Black "Iturrizaga Bonelli, Eduardo"]
[Result "0-1"]
[WhiteTitle "GM"]
[BlackTitle "GM"]
[WhiteElo "2559"]
[BlackElo "2637"]
[WhiteTeam "Minnesota Blizzard"]
[BlackTeam "Miami Champions"]
[WhiteFideId "3506690"]
[BlackFideId "3901211"]
[EventDate "2019.01.08"]

1. e4 c5 2. Nf3 e6 3. d4 cxd4 4. Nxd4 Na6 5. Nc3 Nc5 6. Be2 d6 7. O-O Nf6 8. Bf3
Be7 9. Be3 O-O 10. Qd2 a6 11. a4 Qc7 12. Rfd1 Rb8 13. Nb3 b6 14. Qe2 Nfd7 15. g3
Bb7 16. Bg2 Rfd8 17. Nd2 Bf6 18. Ra3 Bc6 19. Nc4 Bxc3 20. Rxc3 Nxa4 21. Ra3 Bb5
22. Qe1 Qxc4 23. b3 Qc3 24. Bd2 Qb2 25. Bc1 Qxc2 26. bxa4 Bxa4 27. Rxd6 Ne5 28.
Rc3 Rxd6 29. Rxc2 Bxc2 30. Qc3 Rd1+ 31. Bf1 Rxc1 32. Qxe5 Rc8 33. Kg2 b5 34. Be2
Re1 35. Bf3 Bd1 36. h4 Bxf3+ 37. Kxf3 h6 38. g4 Rc4 39. Qb8+ Kh7 40. Qb7 Rexe4
41. Qxa6 Rf4+ 42. Ke2 Rce4+ 43. Kf1 Rxg4 44. Qxb5 Rxh4 45. Qb7 Rhf4 46. Qb1 g6
47. Qb2 Rf5 48. Kg1 Ref4 49. Qb8 Rxf2 50. Qf8 R2f4 51. Kg2 e5 52. Qe7 e4 53. Kg3
e3 54. Qe8 Rf3+ 55. Kg2 e2 0-1

[Event "PRO League Group Stage"]
[Site "chess.com INT"]
[Date "2019.01.29"]
[Round "4"]
[White "Tang, Andrew"]
[Black "Fernandez, Daniel"]
[Result "0-1"]
[WhiteTitle "GM"]
[BlackTitle "IM"]
[WhiteElo "2487"]
[BlackElo "2482"]
[WhiteTeam "Minnesota Blizzard"]
[BlackTeam "Miami Champions"]
[WhiteFideId "2059630"]
[BlackFideId "2015390"]
[EventDate "2019.01.08"]

1. d4 Nf6 2. c4 e6 3. Nc3 Bb4 4. Qc2 b6 5. e4 c5 6. d5 Qe7 7. Ne2 exd5 8. exd5
d6 9. Bd2 O-O 10. f3 Bxc3 11. Bxc3 b5 12. O-O-O Bb7 13. Ng3 Qd8 14. Nf5 b4 15.
Bd2 Bc8 16. Bg5 Bxf5 17. Qxf5 Nbd7 18. Bd3 Re8 19. Rde1 Qa5 20. Rxe8+ Rxe8 21.
Kb1 Re5 22. Qf4 h6 23. Bxf6 Nxf6 24. Qd2 Qd8 25. f4 Re7 26. Re1 a5 27. Rxe7 Qxe7
28. Qe2 Qd7 29. h3 Qd8 30. g4 Nd7 31. Qe4 Nf8 32. Bc2 g5 33. a3 bxa3 34. bxa3
Qf6 35. fxg5 hxg5 36. Qf5 Kg7 37. Ka2 Qe7 38. Qf3 Nd7 39. Qf5 Nf8 40. Qf3 Nd7
41. Qf5 Kf8 42. Be4 Nb6 43. Kb3 Qe8 44. Bd3 Qa4+ 45. Kb2 Qd1 46. Bc2 Nxc4+ 47.
Kb3 Qd4 48. Qxg5 a4+ 49. Kxa4 Ne5+ 50. Kb3 Qxd5+ 51. Kc3 Qd4+ 52. Kb3 Nf3 53.
Qd8+ Kg7 54. g5 Qd5+ 55. Kb2 Nxg5 56. h4 Qe5+ 57. Kb1 Nf3 58. h5 Nd2+ 59. Kc1
Qe3 60. h6+ Qxh6 61. Kb2 Nc4+ 62. Kb3 Qf4 63. a4 Ne3 64. Bb1 Qc4+ 65. Ka3 Qc1+
66. Ka2 Nc4 0-1

[Event "PRO League Group Stage"]
[Site "chess.com INT"]
[Date "2019.01.29"]
[Round "4"]
[White "Myers, Dominique"]
[Black "Bartholomew, John"]
[Result "1-0"]
[BlackTitle "IM"]
[WhiteElo "2018"]
[BlackElo "2439"]
[WhiteTeam "Miami Champions"]
[BlackTeam "Minnesota Blizzard"]
[WhiteFideId "2041715"]
[BlackFideId "2019353"]
[EventDate "2019.01.08"]

1. e4 c5 2. Nf3 d6 3. d4 cxd4 4. Nxd4 Nf6 5. Nc3 Nc6 6. f3 e5 7. Nb3 Be7 8. Be3
O-O 9. Qd2 a5 10. Bb5 Be6 11. O-O-O Na7 12. Bxa7 Rxa7 13. Kb1 Ne8 14. Nc5 Nc7
15. Nxe6 fxe6 16. Bc4 a4 17. a3 Qb8 18. Nb5 Nxb5 19. Bxb5 Qc7 20. c4 b6 21. h4
Qc5 22. Qc2 Rf4 23. h5 Bh4 24. Bxa4 Bf2 25. Bb5 Bd4 26. Rd3 h6 27. Qd2 d5 28. b4
Qc7 29. cxd5 exd5 30. Rc1 Qf7 31. Rc8+ Kh7 32. Be8 Rc7 33. Bxf7 Rxc8 34. Bg6+
Kh8 35. Rxd4 1-0

[Event "PRO League Group Stage"]
[Site "chess.com INT"]
[Date "2019.01.29"]
[Round "4"]
[White "Caruana, Fabiano"]
[Black "Shankland, Samuel"]
[Result "1-0"]
[WhiteTitle "GM"]
[BlackTitle "GM"]
[WhiteElo "2828"]
[BlackElo "2725"]
[WhiteTeam "Saint Louis Arch Bishops"]
[BlackTeam "San Francisco Mechanics"]
[WhiteFideId "2020009"]
[BlackFideId "2004887"]
[EventDate "2019.01.08"]

1. e4 c6 2. d4 d5 3. exd5 cxd5 4. Bd3 Nc6 5. c3 Nf6 6. h3 g6 7. Nf3 Bf5 8. Be2
Bg7 9. O-O O-O 10. Bf4 Ne4 11. Nbd2 Re8 12. Re1 h6 13. Bf1 g5 14. Bh2 Qd7 15.
Nxe4 Bxe4 16. Bd3 f5 17. Bf1 f4 18. Bd3 Bxf3 19. Qxf3 e5 20. Qh5 e4 21. Be2 Re7
22. Bg4 Qe8 23. g3 f3 24. Qxe8+ Raxe8 25. Bf5 Rd8 26. g4 b5 27. b4 a5 28. a4
bxa4 29. b5 Na7 30. Reb1 Rb7 31. b6 Nc6 32. Bc7 Kf7 33. Bxd8 Nxd8 34. Rxa4 Nc6
35. Rb5 1-0

[Event "PRO League Group Stage"]
[Site "chess.com INT"]
[Date "2019.01.29"]
[Round "4"]
[White "Naroditsky, Daniel"]
[Black "Akobian, Varuzhan"]
[Result "1-0"]
[WhiteTitle "GM"]
[BlackTitle "GM"]
[WhiteElo "2616"]
[BlackElo "2643"]
[WhiteTeam "San Francisco Mechanics"]
[BlackTeam "Saint Louis Arch Bishops"]
[WhiteFideId "2026961"]
[BlackFideId "13300580"]
[EventDate "2019.01.08"]

1. e4 e6 2. d4 d5 3. Nd2 c5 4. Ngf3 cxd4 5. Nxd4 Nc6 6. Bb5 Bd7 7. Nxc6 bxc6 8.
Bd3 Bd6 9. Qe2 Qc7 10. Nf3 e5 11. exd5 cxd5 12. Nxe5 Bxe5 13. f4 f6 14. fxe5
Qxe5 15. Bf4 Qxe2+ 16. Bxe2 Ne7 17. O-O-O Kf7 18. Bf3 Be6 19. Rhe1 Rac8 20. Rd2
Rc6 21. b3 Rd8 22. Kb2 g5 23. Be3 a6 24. c4 g4 25. Be2 Rdc8 26. c5 h5 27. b4 Rb8
28. a3 Nf5 29. Bg1 d4 30. Bxd4 a5 31. Kc3 axb4+ 32. axb4 Ra8 33. Bc4 Bxc4 34.
Kxc4 Rc7 35. Bc3 Kg6 36. b5 Ra4+ 37. Bb4 Rc8 38. b6 Rb8 39. Kb5 Raa8 40. c6 h4
41. c7 Rb7 42. Kc6 1-0

[Event "PRO League Group Stage"]
[Site "chess.com INT"]
[Date "2019.01.29"]
[Round "4"]
[White "Bok, Benjamin"]
[Black "Hong, Andrew"]
[Result "1-0"]
[WhiteTitle "GM"]
[BlackTitle "FM"]
[WhiteElo "2643"]
[BlackElo "2390"]
[WhiteTeam "Saint Louis Arch Bishops"]
[BlackTeam "San Francisco Mechanics"]
[WhiteFideId "1017063"]
[BlackFideId "2099438"]
[EventDate "2019.01.08"]

1. Nf3 d5 2. g3 c5 3. Bg2 Nc6 4. d4 Nf6 5. O-O cxd4 6. Nxd4 e5 7. Nxc6 bxc6 8.
c4 Be6 9. Nc3 Rc8 10. cxd5 cxd5 11. Qa4+ Qd7 12. Qxd7+ Kxd7 13. Rd1 Bc5 14. Na4
Bd6 15. Bg5 Rc2 16. Bxf6 gxf6 17. Bxd5 Bxd5 18. Rxd5 Ke6 19. Rad1 Be7 20. Kf1
Rhc8 21. Ra5 R8c7 22. g4 Bb4 23. Ra6+ Ke7 24. Rd3 Bd2 25. e3 Bb4 26. a3 Rc1+ 27.
Kg2 Be1 28. Nc3 Bxc3 29. Rxc3 R1xc3 30. bxc3 Rxc3 31. Rxa7+ Kf8 32. a4 Rc4 33.
Kf3 Kg7 34. h4 h5 35. gxh5 Rxh4 36. a5 Ra4 37. a6 f5 38. Ra8 Ra2 39. a7 Kh7 40.
Kg2 Ra3 41. f3 f4 42. e4 Kg7 43. Kf2 Kh7 44. Ke2 Kg7 45. Kd2 Kh7 46. Kc2 Kg7 47.
Kb2 Ra6 48. Kc3 Kh7 49. Kc4 Ra1 50. Kd5 Ra5+ 51. Kc6 Ra1 52. Kd6 Ra5 53. h6 f6
54. Ke6 Ra6+ 55. Kf5 Ra3 56. Kxf6 Ra5 57. Kf5 Ra6 58. Kxe5 Ra5+ 59. Kxf4 Ra6 60.
e5 Ra4+ 61. Kf5 Ra6 62. f4 Ra3 63. e6 Ra5+ 64. Kf6 Ra6 65. Rd8 Rxa7 66. Rd7+
Rxd7 67. exd7 Kxh6 68. d8=Q Kh5 69. Qg8 Kh4 70. Kf5 1-0

[Event "PRO League Group Stage"]
[Site "chess.com INT"]
[Date "2019.01.29"]
[Round "4"]
[White "Stearman, Josiah"]
[Black "Bloomer, Josh"]
[Result "1/2-1/2"]
[WhiteTitle "FM"]
[WhiteElo "2298"]
[BlackElo "1950"]
[WhiteTeam "San Francisco Mechanics"]
[BlackTeam "Saint Louis Arch Bishops"]
[WhiteFideId "2062496"]
[BlackFideId "2020416"]
[EventDate "2019.01.08"]

1. d4 Nf6 2. c4 g6 3. f3 c5 4. d5 e6 5. e4 exd5 6. cxd5 d6 7. Ne2 Bg7 8. Nec3
O-O 9. Be3 a6 10. a4 Nbd7 11. Be2 Nh5 12. O-O f5 13. Nd2 f4 14. Bf2 Ne5 15. Nc4
Qg5 16. Qd2 Bh3 17. g4 Bxf1 18. Kxf1 Nxc4 19. Bxc4 Nf6 20. h4 Qe5 21. Ra3 Nd7
22. Rb3 Rab8 23. Ne2 Qe7 24. Nxf4 Ne5 25. Be2 b5 26. axb5 axb5 27. Ne6 c4 28.
Ra3 Rb7 29. Nxf8 Qxf8 30. Kg2 Rf7 31. Bg3 Nd7 32. Qb4 Be5 33. Qxb5 Bxg3 34. Kxg3
Qe7 35. Ra8+ Kg7 36. Qxc4 Qe5+ 37. Kg2 Nb6 38. Qa2 Nxa8 39. Qxa8 Qxb2 40. Qa6
Qe5 41. Qd3 h5 42. g5 Rb7 43. Qe3 Rb4 44. Qa7+ Kf8 45. Qa8+ Kf7 46. Qa7+ Qe7 47.
Qxe7+ Kxe7 48. Kf2 Rb2 49. f4 Ra2 50. Ke3 Ra4 51. Bd3 Rb4 52. Kf3 Kf7 53. Ke3
Ra4 54. Be2 Ke7 55. Bf3 Ra3+ 56. Kf2 Ra4 57. Kg3 Ra3 58. f5 gxf5 59. exf5 Kf7
60. Kf4 Ra4+ 61. Be4 Rb4 62. f6 Rb2 63. Bf3 Kg6 64. Be4+ Kf7 65. Bf5 Rb4+ 66.
Kg3 Rb3+ 67. Kf4 Rb4+ 68. Be4 Rb2 69. Kg3 Rb3+ 70. Kf4 Rb2 71. Bf5 Rb4+ 72. Kg3
Rb3+ 73. Kf4 Rb4+ 74. Be4 1/2-1/2

[Event "PRO League Group Stage"]
[Site "chess.com INT"]
[Date "2019.01.29"]
[Round "4"]
[White "Hansen, Eric"]
[Black "Margvelashvili, Giorgi"]
[Result "0-1"]
[WhiteTitle "GM"]
[BlackTitle "GM"]
[WhiteElo "2615"]
[BlackElo "2530"]
[WhiteTeam "Montreal Chessbrahs"]
[BlackTeam "Seattle Sluggers"]
[WhiteFideId "2606771"]
[BlackFideId "13602926"]
[EventDate "2019.01.08"]

1. e4 c6 2. Nc3 d5 3. Nf3 Bg4 4. h3 Bxf3 5. Qxf3 e6 6. g3 Nf6 7. Bg2 dxe4 8.
Nxe4 Nxe4 9. Qxe4 Qd5 10. d3 Qxe4+ 11. dxe4 Nd7 12. Ke2 Bc5 13. Rd1 Ke7 14. Bd2
a5 15. Bc3 e5 16. f4 Bb4 17. Bd2 Bxd2 18. Rxd2 Rhd8 19. Rad1 f6 20. Ke3 Nc5 21.
Bf3 Rxd2 22. Rxd2 Rd8 23. Rh2 b5 24. h4 b4 25. b3 Ne6 26. Be2 Nd4 27. Bd3 a4 28.
h5 Ra8 29. Bc4 h6 30. Rg2 Kd6 31. Rh2 Kc5 32. Rd2 Re8 33. Bf7 Re7 34. Bg8 a3 35.
Bc4 Re8 36. Bf7 Re7 37. Bc4 Re8 38. Bf7 Rd8 39. Bc4 Rd6 40. Rh2 Rd7 41. Rd2 Re7
42. Rh2 f5 43. Bd3 exf4+ 44. Kxf4 fxe4 45. Bxe4 Nb5 46. Rd2 Nc3 47. Bf3 Nxa2 48.
Rd8 Nc3 49. Ra8 Kb6 0-1

[Event "PRO League Group Stage"]
[Site "chess.com INT"]
[Date "2019.01.29"]
[Round "4"]
[White "Tiglon, Bryce"]
[Black "Kleinman, Michael"]
[Result "1-0"]
[WhiteTitle "IM"]
[BlackTitle "IM"]
[WhiteElo "2390"]
[BlackElo "2411"]
[WhiteTeam "Seattle Sluggers"]
[BlackTeam "Montreal Chessbrahs"]
[WhiteFideId "2087456"]
[BlackFideId "2609479"]
[EventDate "2019.01.08"]

1. e4 c6 2. d4 d5 3. e5 Bf5 4. Nf3 e6 5. Be2 Ne7 6. c3 h6 7. O-O Nd7 8. Na3 Bg6
9. Nc2 Nf5 10. Nfe1 Be7 11. f4 O-O 12. g4 Nh4 13. Ne3 Be4 14. Nf3 f5 15. Nd2 c5
16. Nxe4 fxe4 17. f5 Qb6 18. fxe6 Qxe6 19. Ng2 Rxf1+ 20. Qxf1 Rf8 21. Nf4 Qc6
22. Qe1 g5 23. Nh5 Qe6 24. Ng3 cxd4 25. cxd4 Rf3 26. Nf5 Nxf5 27. gxf5 Rxf5 28.
Bg4 Nf8 29. Bxf5 Qxf5 30. Qf1 Qg4+ 31. Kh1 e3 32. Bxe3 Qe4+ 33. Qg2 Qxe3 34.
Qxd5+ Kg7 35. Rf1 Ng6 36. Qf7+ Kh8 37. Qxg6 1-0

[Event "PRO League Group Stage"]
[Site "chess.com INT"]
[Date "2019.01.29"]
[Round "4"]
[White "Rodrigue-Lemieux, Shawn"]
[Black "Feng, Roland"]
[Result "0-1"]
[WhiteTitle "FM"]
[BlackTitle "FM"]
[WhiteElo "2293"]
[BlackElo "2334"]
[WhiteTeam "Montreal Chessbrahs"]
[BlackTeam "Seattle Sluggers"]
[WhiteFideId "2620049"]
[BlackFideId "2060086"]
[EventDate "2019.01.08"]

1. e4 e6 2. d4 d5 3. Nd2 c5 4. Ngf3 Nf6 5. exd5 Qxd5 6. Bc4 Qd6 7. O-O cxd4 8.
Nb3 Nc6 9. Nbxd4 Nxd4 10. Nxd4 a6 11. c3 Qc7 12. Bb3 Bd6 13. h3 O-O 14. Qf3 e5
15. Nc2 e4 16. Qe2 h6 17. Be3 Qa5 18. Bd4 Qg5 19. Bxf6 Qf4 20. g3 Qxf6 21. Qxe4
Bxh3 22. Rfe1 Qg5 23. Ne3 Rae8 24. Qf3 Bc5 25. Nd5 Bg4 26. Qf4 Qh5 27. Kg2 Qh3+
28. Kg1 Bd6 29. Nf6+ gxf6 30. Qxf6 Be6 31. Bc2 Bd5 0-1

[Event "PRO League Group Stage"]
[Site "chess.com INT"]
[Date "2019.01.29"]
[Round "4"]
[White "Movsesian, Sergei"]
[Black "Xiong, Jeffery"]
[Result "0-1"]
[WhiteTitle "GM"]
[BlackTitle "GM"]
[WhiteElo "2629"]
[BlackElo "2672"]
[WhiteTeam "London Lions"]
[BlackTeam "Dallas Destiny"]
[WhiteFideId "310204"]
[BlackFideId "2047640"]
[EventDate "2019.01.08"]

1. e4 c5 2. Nc3 d6 3. Nge2 a6 4. g3 g6 5. Bg2 Bg7 6. d3 Nc6 7. O-O Nf6 8. Bg5
Rb8 9. h3 b5 10. Qd2 h6 11. Be3 b4 12. Nd1 Nd7 13. a3 a5 14. axb4 axb4 15. f4
Bb7 16. c3 Ra8 17. Nf2 O-O 18. f5 Kh7 19. Nf4 g5 20. Nh5 Bh8 21. Ng4 Nce5 22.
Rxa8 Qxa8 23. Nxh6 bxc3 24. bxc3 c4 25. d4 Bxe4 26. Bxe4 Qxe4 27. dxe5 Nxe5 28.
Qe2 d5 29. f6 Kxh6 30. fxe7 Re8 31. Nf4 Kg7 32. Nh5+ Kg6 33. g4 Rxe7 34. Ng3 Qd3
35. Qf2 Nxg4 36. hxg4 Qxe3 37. Nf5 Qxf2+ 38. Kxf2 Re4 39. Rh1 Rxg4 40. Ne7+ Kf6
41. Nxd5+ Ke6 42. Ne3 Rf4+ 43. Ke2 Bxc3 44. Rc1 Bb2 45. Rxc4 Rxc4 46. Nxc4 Be5
47. Kf3 f5 48. Ne3 Bd4 49. Nf1 g4+ 50. Kf4 Kf6 51. Nd2 Be5+ 52. Ke3 Kg5 53. Kf2
Bd4+ 54. Kg2 f4 55. Ne4+ Kf5 56. Nd2 Be3 57. Nf1 f3+ 58. Kg3 Bf4+ 59. Kf2 Ke4 0-1

[Event "PRO League Group Stage"]
[Site "chess.com INT"]
[Date "2019.01.29"]
[Round "4"]
[White "Holt, Conrad"]
[Black "Haria, Ravi"]
[Result "0-1"]
[WhiteTitle "GM"]
[BlackTitle "IM"]
[WhiteElo "2548"]
[BlackElo "2450"]
[WhiteTeam "Dallas Destiny"]
[BlackTeam "London Lions"]
[WhiteFideId "2034387"]
[BlackFideId "415820"]
[EventDate "2019.01.08"]

1. d4 e6 2. c4 d5 3. Nc3 Bb4 4. a3 Bxc3+ 5. bxc3 Nf6 6. e3 c6 7. Bd3 O-O 8. Ne2
b6 9. O-O Ba6 10. cxd5 cxd5 11. Bxa6 Nxa6 12. f3 Nb8 13. Qd3 Nc6 14. e4 Na5 15.
Bg5 h6 16. Bh4 g5 17. Bg3 Nc4 18. e5 Nh5 19. Rae1 f5 20. exf6 Qxf6 21. Be5 Qf5
22. Qxf5 exf5 23. g4 Ng7 24. Bxg7 Kxg7 25. Ng3 f4 26. Re7+ Rf7 27. Nf5+ Kf6 28.
Rxf7+ Kxf7 29. Re1 Nxa3 30. Nxh6+ Kf6 31. Nf5 Nc4 32. h4 gxh4 33. Nxh4 a5 34.
Ng2 Kg5 35. Kf2 a4 36. Ra1 a3 37. Ne1 Rh8 38. Kg1 Re8 39. Kf2 Re3 40. Rc1 Nd2
41. Rc2 Nc4 42. Ng2 Re7 43. Ne1 Ne3 44. Ra2 Nd1+ 45. Kf1 Ne3+ 46. Kf2 Ra7 47.
Ke2 Rh7 48. Ra1 a2 49. Kd2 Rh1 0-1

[Event "PRO League Group Stage"]
[Site "chess.com INT"]
[Date "2019.01.29"]
[Round "4"]
[White "Roberson, Peter T"]
[Black "Gorovets, Andrey"]
[Result "1/2-1/2"]
[WhiteTitle "IM"]
[BlackTitle "GM"]
[WhiteElo "2420"]
[BlackElo "2509"]
[WhiteTeam "London Lions"]
[BlackTeam "Dallas Destiny"]
[WhiteFideId "412384"]
[BlackFideId "13504037"]
[EventDate "2019.01.08"]

1. e4 d5 2. exd5 Qxd5 3. Nf3 Bg4 4. Be2 Nc6 5. h3 Bxf3 6. Bxf3 Qe6+ 7. Qe2 Qxe2+
8. Bxe2 Nd4 9. Bd1 e5 10. d3 O-O-O 11. O-O g6 12. Nd2 f5 13. Nc4 Bg7 14. f4 exf4
15. Bxf4 Ne7 16. Re1 Nd5 17. Bd2 Rhe8 18. c3 Rxe1+ 19. Bxe1 Re8 20. Bf2 Ne2+ 21.
Kf1 Nef4 22. Bf3 Nb6 23. Nxb6+ axb6 24. Rd1 g5 25. d4 Ng6 26. Re1 Rxe1+ 27. Kxe1
Bf8 28. Bd5 Nf4 29. Bg8 Nd3+ 30. Ke2 Nxf2 31. Kxf2 Kd7 32. Bxh7 Ke6 33. Kf3 f4
34. Ke4 b5 35. a3 c6 36. Bf5+ Kd6 37. Bc8 b6 38. Bg4 Be7 39. Be2 Ke6 40. Bd1 Bd8
41. Bb3+ Kd6 42. d5 c5 43. Bd1 b4 44. c4 bxa3 45. bxa3 Bf6 46. a4 Be7 47. Kf5
Bd8 48. Bh5 Be7 49. Bf3 Bd8 50. Kg6 Be7 51. Kf7 Bd8 52. Bg4 Be7 53. Ke8 Bf6 54.
Kf7 Bd8 55. Bd1 Be7 56. Kg6 Bd8 57. Kf5 Be7 58. Ke4 Bf6 59. Bb3 Be7 60. Ba2 Bd8
61. Bb1 Be7 62. Bc2 Bf6 63. Bd1 Be7 64. Kf5 Bd8 65. Ke4 Be7 66. Kf3 Bd8 67. g4
fxg3 68. Kxg3 Bf6 69. Kg4 Be7 70. Kf5 Bd8 71. Bg4 Be7 72. Kg6 Bd8 73. Kf7 Be7
74. Ke8 Bf6 75. Bf5 Be7 76. Bg4 Bf6 77. Kf7 Be7 78. Kg6 Bd8 79. Kf5 Be7 80. Ke4
Bd8 81. Kd3 Be7 82. Kc2 Bd8 83. Kb3 Bf6 84. Kc2 Ke5 85. Kd3 Be7 86. Be2 Kf4 87.
Bg4 Ke5 88. Be2 Bf6 89. Bg4 Kd6 90. Be2 Ke5 91. Bg4 1/2-1/2

[Event "PRO League Group Stage"]
[Site "chess.com INT"]
[Date "2019.01.29"]
[Round "4"]
[White "Zhu, Jiner"]
[Black "Harvey, Marcus R"]
[Result "1/2-1/2"]
[WhiteTitle "WIM"]
[BlackTitle "FM"]
[WhiteElo "2424"]
[BlackElo "2397"]
[WhiteTeam "Dallas Destiny"]
[BlackTeam "London Lions"]
[WhiteFideId "8608059"]
[BlackFideId "400092"]
[EventDate "2019.01.08"]

1. e4 e6 2. d4 d5 3. Nc3 Nf6 4. e5 Nfd7 5. f4 c5 6. Nf3 Nc6 7. Be3 a6 8. a3 cxd4
9. Nxd4 Nxd4 10. Bxd4 b6 11. Bd3 Bc5 12. Ne2 Qh4+ 13. g3 Qh3 14. Qd2 Bxd4 15.
Nxd4 Nc5 16. O-O-O Bd7 17. Kb1 O-O 18. Rhg1 Ba4 19. Rdf1 Rac8 20. g4 Nxd3 21.
cxd3 Rc5 22. f5 Bb5 23. Rf3 Qh4 24. fxe6 Qe7 25. Rgf1 Be8 26. exf7+ Rxf7 27.
Rxf7 Bxf7 28. Nf5 Qxe5 29. Qg5 Kf8 30. d4 Qe4+ 31. Ka1 Rc6 32. Qxg7+ Ke8 33.
Qh8+ Kd7 34. Qxh7 Rf6 35. Qg7 Qg2 36. Re1 Rxf5 37. Qf8 Rf1 38. Qe7+ Kc6 39. Rxf1
Qxf1+ 40. Ka2 Qc4+ 41. Ka1 Qf1+ 42. Ka2 a5 43. h4 Qc4+ 44. Ka1 Qf1+ 45. Ka2 Kb5
46. h5 Qc4+ 47. Ka1 Qf1+ 48. Ka2 Qc4+ 49. Ka1 Qc1+ 1/2-1/2

[Event "PRO League Group Stage"]
[Site "chess.com INT"]
[Date "2019.01.29"]
[Round "4"]
[White "Iturrizaga Bonelli, Eduardo"]
[Black "Xiong, Jeffery"]
[Result "0-1"]
[WhiteTitle "GM"]
[BlackTitle "GM"]
[WhiteElo "2637"]
[BlackElo "2672"]
[WhiteTeam "Miami Champions"]
[BlackTeam "Dallas Destiny"]
[WhiteFideId "3901211"]
[BlackFideId "2047640"]
[EventDate "2019.01.08"]

1. Nf3 c5 2. c4 Nf6 3. b3 g6 4. Bb2 Bg7 5. g3 b6 6. Bg2 Bb7 7. O-O O-O 8. e3 Na6
9. Qe2 d5 10. Rd1 dxc4 11. bxc4 Rc8 12. d3 Re8 13. Nc3 Qc7 14. Nb5 Qb8 15. a4 e5
16. a5 Nb4 17. axb6 axb6 18. Ra7 Bc6 19. Rda1 h6 20. Ne1 Bxb5 21. cxb5 Qd6 22.
Rb7 Rb8 23. Rxb8 Rxb8 24. Bc3 Nfd5 25. Bb2 Nc7 26. Rd1 Qe6 27. Bf3 Qb3 28. d4
exd4 29. exd4 Re8 30. Qd2 Nxb5 31. Bg2 Bxd4 32. Bxd4 Nxd4 33. Ra1 Qc3 34. Qxc3
Ne2+ 35. Kf1 Nxc3 36. Ra7 c4 37. Rc7 Nb1 38. Nf3 c3 39. Kg1 c2 40. Bf1 Na3 41.
Nd4 Re1 42. Nxc2 Nbxc2 43. Kg2 b5 44. Bd3 Rc1 45. Kh3 b4 46. Rb7 Rd1 47. Be4 Rd4
48. Bc6 Nc4 49. Ba4 Ne1 50. Rxb4 Nd3 51. Rb8+ Kg7 52. Kg2 Ne3+ 53. fxe3 Rxa4 54.
Rb5 Ra2+ 55. Kg1 Ne1 56. h4 Nf3+ 57. Kf1 Nh2+ 58. Kg1 Ng4 0-1

[Event "PRO League Group Stage"]
[Site "chess.com INT"]
[Date "2019.01.29"]
[Round "4"]
[White "Holt, Conrad"]
[Black "Bachmann, Axel"]
[Result "1-0"]
[WhiteTitle "GM"]
[BlackTitle "GM"]
[WhiteElo "2548"]
[BlackElo "2631"]
[WhiteTeam "Dallas Destiny"]
[BlackTeam "Miami Champions"]
[WhiteFideId "2034387"]
[BlackFideId "3700488"]
[EventDate "2019.01.08"]

1. d4 Nf6 2. c4 e6 3. Nc3 Bb4 4. Qc2 d6 5. a3 Bxc3+ 6. Qxc3 Nc6 7. Nf3 Qe7 8. b4
e5 9. dxe5 dxe5 10. b5 Nd4 11. Nxe5 Qxe5 12. Bb2 c5 13. bxc6 Ne4 14. Qxd4 Qa5+
15. Kd1 Bf5 16. Qe5+ Qxe5 17. Bxe5 O-O-O+ 18. Ke1 bxc6 19. f3 Nd2 20. Bxg7 Rhg8
21. Bf6 Rd7 22. Rd1 Nxc4 23. e4 Rxd1+ 24. Kxd1 Be6 25. Bxc4 Bxc4 26. g4 Kd7 27.
Kd2 Ke6 28. g5 Rb8 29. Rc1 Bb5 30. h4 Rb7 31. Ke3 Rd7 32. Rc3 Rd1 33. a4 Bxa4
34. Ra3 Bb5 35. Rxa7 Rd7 36. Ra8 c5 37. Rc8 c4 38. Bd4 Rd6 39. Rc5 Ba6 40. f4
Kd7 41. f5 Rc6 42. Rd5+ Ke8 43. Bc3 Rb6 44. Ra5 Kd7 45. h5 Kc8 46. g6 fxg6 47.
fxg6 hxg6 48. h6 1-0

[Event "PRO League Group Stage"]
[Site "chess.com INT"]
[Date "2019.01.29"]
[Round "4"]
[White "Fernandez, Daniel"]
[Black "Gorovets, Andrey"]
[Result "1-0"]
[WhiteTitle "IM"]
[BlackTitle "GM"]
[WhiteElo "2482"]
[BlackElo "2509"]
[WhiteTeam "Miami Champions"]
[BlackTeam "Dallas Destiny"]
[WhiteFideId "2015390"]
[BlackFideId "13504037"]
[EventDate "2019.01.08"]

1. e4 d5 2. exd5 Qxd5 3. Nc3 Qd6 4. d4 Nf6 5. Nf3 c6 6. Ne5 Nbd7 7. Nc4 Qc7 8.
a4 Nb6 9. Ne5 Nbd5 10. Nxd5 Nxd5 11. Bd3 g6 12. O-O Bg7 13. Re1 O-O 14. Qf3 Be6
15. Bd2 Rad8 16. Rad1 c5 17. c4 Nb4 18. Bxb4 cxb4 19. Qf4 Bxe5 20. Rxe5 f6 21.
Re4 Qxf4 22. Rxf4 Rd7 23. d5 Bf7 24. Re1 Re8 25. Bc2 a5 26. Rfe4 Kf8 27. f4 Rd6
28. Bb3 b6 29. Kf2 h5 30. g3 f5 31. Re5 Rd7 32. h3 Kg7 33. g4 hxg4 34. hxg4 fxg4
35. Bd1 Rc7 36. b3 Kf6 37. Bxg4 Rh8 38. Kg3 Rh7 39. Be6 Be8 40. Bg8 Rh5 41. d6
exd6 42. Rxe8 g5 43. R1e6+ Kg7 44. f5 1-0

[Event "PRO League Group Stage"]
[Site "chess.com INT"]
[Date "2019.01.29"]
[Round "4"]
[White "Zhu, Jiner"]
[Black "Myers, Dominique"]
[Result "1-0"]
[WhiteTitle "WIM"]
[WhiteElo "2424"]
[BlackElo "2018"]
[WhiteTeam "Dallas Destiny"]
[BlackTeam "Miami Champions"]
[WhiteFideId "8608059"]
[BlackFideId "2041715"]
[EventDate "2019.01.08"]

1. e4 e5 2. Nf3 Nc6 3. Bb5 a6 4. Ba4 Nf6 5. O-O b5 6. Bb3 Bc5 7. c3 d6 8. d4 Bb6
9. h3 Bb7 10. Re1 O-O 11. Bg5 h6 12. Bh4 g5 13. Bg3 Re8 14. dxe5 Nxe5 15. Nxe5
dxe5 16. Nd2 Qd3 17. Kh2 Nxe4 18. Nxe4 Bxe4 19. Qh5 Bg6 20. Qxh6 Qf5 21. Kh1 Bc5
22. Rxe5 Bf8 23. Rxf5 Bxh6 24. Rc5 Re2 25. Rxc7 Rxb2 26. Rd1 Re8 27. Rd6 Re1+
28. Kh2 Kg7 29. Bxf7 Bxf7 30. Rdd7 Rbb1 31. Rxf7+ Kg8 32. Bd6 g4 33. Rf6 Bd2 34.
Rf8# 1-0